000 00352nam a2200145Ia 4500
008 230917s9999||||xx |||||||||||||| ||und||
040 _e205403
_aMAIN
041 _aEnglish
082 _a647.94 S64H
100 _aSingh, Malini
245 0 _aHotel housekeeping
260 _aNew Delhi
_bTata McGraw-Hill
_c2012
300 _axi, 623 p.
942 _cBK
999 _c165473
_d165473